| 000 | 01998nam a2200313 a 4500 | ||
|---|---|---|---|
| 001 | BRCA_2468 | ||
| 005 | 20190320203826.0 | ||
| 008 | 191108s1832----sp-a---###---#000-0#spa-u | ||
| 041 | _aspa | ||
| 044 | _asp | ||
| 084 |
_a108 _b.G68 _c1832 |
||
| 100 | 1 |
_aCervantes Saavedra, Miguel de _d1547-1616 _9213 |
|
| 245 | 1 | 0 |
_aEl Ingenioso Hidalgo Don Quijote de la Mancha _ccompuesto por Miguel de Cervantes Saavedra. |
| 260 |
_aBarcelona _bViuda e hijos de Gorchs _c1832 |
||
| 300 |
_a6 v. _bil. _c21 cm. |
||
| 500 | _aContenido : v 1. Primera parte. Retrato de Cervantes. Advertencia. Dedicatoria de los editores. Dedicatoria. Prólogo del autor. Versos preliminares. Notas y observaciones de Pellicer. Advertencia de los editores. Texto. -- v 2. Texto. -- v 3. Segunda parte. Dedicatoria. Prólogo del autor. Texto. -- v 4. Texto. -- v 5. Texto. -- | ||
| 500 | _aEdición : Nueva edición conforme en todo la última de la Real Academia Española, y con las notas de J. A. Pellicer, dedicada a la Nación española. | ||
| 500 | _aSin pretenciones de lujo, pero esmeradamente corregida e impresa con grandes y hermosos tipos, por las eruditas notas de Pellicer y Bastús, que reunieron en ellas cuantos datos y noticias tenían de Cervantes hasta entonces, es esta edición digna de ocupar un lugar preferente entre las llamadas clásicas. Los dibujos están tomados de la primera y de la última ediciones de la Academia, y de nuevo grabados por Masferrer. Piel; lomeras con adornos dorados Lúdovik Osterc | ||
| 500 | _aExistencias : Falta el volúmen 6 | ||
| 500 | _aQM87 | ||
| 650 | 1 | 4 |
_aNovela española _yÉpoca clásica, 1500-1700 _9215 |
| 650 | 1 | 4 |
_aLiteratura española _yÉpoca clásica, 1500-1700 _9216 |
| 650 | 1 | 4 |
_aNovela española _ySiglo XVII _9217 |
| 650 | 1 | 4 |
_aDon Quijote (Personaje ficticio) _eNovela _9218 |
| 700 | 1 |
_aPellicer y Pilares, Juan Antonio _d1738-1806 _eAnotador _97160 |
|
| 740 | 0 | _aEl Ingenioso Hidalgo Don Quijote de la Mancha | |
| 902 | _aQFM | ||
| 942 |
_2lcc _cB |
||
| 999 |
_c2209 _d2209 |
||